Statistics for Most Populous Islands - Letter P

Click here to take the quiz!

General Stats

  • This quiz has been taken 28 times
  • The average score is 3 of 7

Answer Stats

PopulationIsland% Correct
3.73 milPuerto Rico
86%
525 kPhuket
48%
793 kPalawan
43%
4.03 milPanay
29%
860 kPenang
24%
407 kPemba
19%
358 kPingtan
10%

Score Distribution

Percentile by Number Answered

Percent of People with Each Score

Your Score History

You have not taken this quiz